000 00411nam a22001457a 4500
999 _c507661
_d507661
008 190221b ||||| |||| 00| 0 eng d
100 _aChandrasekhar, C.P.
_92168
245 _aNon-performing power sector assets:
_bsignalling a larger crisis
260 _c2018
300 _ap.10-17.
650 _aPower sector
_92169
773 _aEconomic and Political Weekly
906 _aElectricity
942 _2ddc
_cAR